[Event "RUS-ch Higher League (Women) 69th"]
[Site "Yaroslavl"]
[Date "2019.06.30"]
[Round "4"]
[White "Khokhlova, Daria"]
[Black "Shaydullina, Sandugach"]
[Result "1-0"]
[WhiteElo "2234"]
[BlackElo "2128"]
[PlyCount "126"]
[EventDate "2019.06.27"]
[EventType "swiss"]
[EventRounds "9"]
[EventCountry "RUS"]
[SourceTitle "CBM 191 Extra"]
[Source "ChessBase"]
[SourceDate "2019.09.30"]
[SourceVersion "1"]
[SourceVersionDate "2019.09.30"]
[SourceQuality "1"]

1. d4 d5 2. c4 dxc4 3. e3 e5 4. Bxc4 exd4 5. exd4 Bb4+ 6. Nc3 Qe7+ 7. Nge2 Nf6 8. 0-0 0-0 9. Bg5 c6 10. Qc2 Nbd7 11. Ng3 Nb6 12. Bd3 h6 13. Bd2 Qd8 14. Nce2 Nbd5 15. a3 Bxd2 16. Qxd2 Be6 17. Bc2 Qb6 18. Kh1 Rad8 19. b4 Rfe8 20. h3 Re7 21. Ng1 Nc7 22. Nf3 Nb5 23. Rfd1 Bd5 24. Nf5 Re6 25. Qf4 Nd6 26. Ne5 Nxf5 27. Qxf5 Red6 28. Ng4 Nxg4 29. Qh7+ Kf8 30. hxg4 Be6 31. Qh8+ Ke7 32. Qxg7 Rxd4 33. Re1 Rf4 34. Bf5 Rd6 35. Bxe6 Qxf2 36. Bf5+ Kd8 37. Qf8+ Kc7 38. Qe7+ Kb6 39. Qe3+ Qxe3 40. Rxe3 h5 41. Rf3 Rxf3 42. gxf3 hxg4 43. fxg4 Kb5 44. Kg2 Kc4 45. Rf1 f6 46. Kg3 Kb3 47. Rf3+ Kb2 48. a4 b6 49. Rd3 Rxd3+ 50. Bxd3 Kb3 51. Kf4 Kxb4 52. Kf5 Kc3 53. Bf1 a5 54. Kxf6 Kb4 55. g5 Kxa4 56. g6 b5 57. g7 c5 58. g8Q c4 59. Bxc4 Kb4 60. Bxb5 Kxb5 61. Qa2 Kb4 62. Ke5 a4 63. Kd4 a3 1-0

[Event "RUS-ch Higher League (Women) 69th"]
[Site "Yaroslavl"]
[Date "2019.06.27"]
[Round "1"]
[White "Shaydullina, Sandugach"]
[Black "Wagner, Dinara"]
[Result "0-1"]
[WhiteElo "2128"]
[BlackElo "2306"]
[PlyCount "140"]
[EventDate "2019.06.27"]
[EventType "swiss"]
[EventRounds "9"]
[EventCountry "RUS"]
[SourceTitle "CBM 191 Extra"]
[Source "ChessBase"]
[SourceDate "2019.09.30"]
[SourceVersion "1"]
[SourceVersionDate "2019.09.30"]
[SourceQuality "1"]

1. d4 d5 2. Nf3 Nf6 3. c4 e6 4. g3 dxc4 5. Bg2 c6 6. 0-0 b5 7. Ne5 Bb7 8. b3 cxb3 9. Qxb3 Qxd4 10. Bb2 Qb6 11. a4 Be7 12. a5 Qa6 13. Rc1 0-0 14. Nd3 Nbd7 15. Ba3 c5 16. Bxb7 Qxb7 17. Nxc5 Nxc5 18. Bxc5 Rac8 19. Be3 a6 20. Nc3 Ng4 21. Bd4 Rc4 22. e3 Rfc8 23. h3 Nf6 24. Qd1 h6 25. Ne2 Ne4 26. Rxc4 bxc4 27. h4 Qd5 28. Nf4 Qf5 29. g4 Qb5 30. Qc2 Nd6 31. Qc3 Bxh4 32. f3 Qc6 33. Kg2 Nb5 34. Qc2 Nxd4 35. exd4 Bf6 36. Rd1 Rd8 37. Ne2 Qb5 38. Rb1 Qd5 39. Rb4 Rc8 40. Qc3 Qxa5 41. Rb8 Qc7 42. Rb1 a5 43. Ng3 Qd8 44. Rd1 Qd5 45. Ne4 Be7 46. Qc2 Rb8 47. Nc3 Qc6 48. d5 exd5 49. Nxd5 Bf8 50. Rd4 a4 51. Qe4 Qc5 52. Kh3 a3 53. Nc3 Rc8 54. Qf4 Qc6 55. Kg2 Qe6 56. Re4 Qd6 57. Qf5 Rb8 58. Re2 Qd3 59. Qe5 Bd6 60. Qa5 Bb4 61. Qa7 Rd8 62. Re3 Qd2+ 63. Ne2 a2 64. Re4 Bc3 65. Qa4 a1Q 66. Qxc4 Bf6 67. Qc6 Qdd1 68. Kg3 Qe1+ 69. Kf4 Bg5+ 70. Kf5 Rd5+ 0-1

[Event "Voronezh op-B 23rd"]
[Site "Voronezh"]
[Date "2019.06.20"]
[Round "9"]
[White "Stepochkin, Fedor"]
[Black "Shaydullina, Sandugach"]
[Result "1/2-1/2"]
[WhiteElo "1929"]
[BlackElo "2128"]
[PlyCount "116"]
[EventDate "2019.06.12"]
[EventType "swiss"]
[EventRounds "9"]
[EventCountry "RUS"]
[SourceTitle "CBM 191 Extra"]
[Source "ChessBase"]
[SourceDate "2019.09.30"]
[SourceVersion "1"]
[SourceVersionDate "2019.09.30"]
[SourceQuality "1"]

1. e4 c5 2. Nf3 d6 3. d4 cxd4 4. Nxd4 Nf6 5. Nc3 a6 6. Bg5 Nbd7 7. Qd2 e6 8. 0-0-0 h6 9. Be3 Ng4 10. Be2 Nxe3 11. Qxe3 Be7 12. Kb1 0-0 13. f4 Re8 14. g4 Qb6 15. Qg3 Bf6 16. Nb3 a5 17. Nb5 Be7 18. h4 a4 19. N3d4 a3 20. g5 axb2 21. gxh6 Bf6 22. Rhg1 Ra4 23. Nb3 Rxa2 24. Kxa2 Qa6+ 25. Na3 Qxe2 26. Qd3 Qf2 27. Rdf1 Qa7 28. Rxg7+ Kf8 29. Qg3 b5 30. Rg8+ Ke7 31. Rxe8+ Kxe8 32. c3 Nb6 33. Kxb2 b4 34. Nb5 Nc4+ 35. Kc2 Qa2+ 36. Kd3 Qxb3 37. Qg8+ Kd7 38. Qxf7+ Be7 39. h7 bxc3 40. h8Q c2+ 41. Qc3 Nb2+ 42. Ke3 Nd1+ 43. Kd2 Nxc3 44. Nxc3 Ba6 45. Rc1 Qc4 46. Kxc2 Bb7 47. Re1 Bc6 48. Re3 Ba4+ 49. Kd2 Qd4+ 50. Ke2 Bb3 51. Kf3 Bd1+ 52. Nxd1 Qxd1+ 53. Re2 Qf1+ 54. Rf2 Qh1+ 55. Rg2 Qd1+ 56. Kg3 Qe1+ 57. Rf2 Qg1+ 58. Kf3 Qd1+ 1/2-1/2

[Event "Voronezh op-B 23rd"]
[Site "Voronezh"]
[Date "2019.06.12"]
[Round "1"]
[White "Astakhov, Alexander"]
[Black "Shaydullina, Sandugach"]
[Result "0-1"]
[WhiteElo "1733"]
[BlackElo "2128"]
[PlyCount "64"]
[EventDate "2019.06.12"]
[EventType "swiss"]
[EventRounds "9"]
[EventCountry "RUS"]
[SourceTitle "CBM 191 Extra"]
[Source "ChessBase"]
[SourceDate "2019.09.30"]
[SourceVersion "1"]
[SourceVersionDate "2019.09.30"]
[SourceQuality "1"]

1. e4 c5 2. Nf3 d6 3. d4 cxd4 4. Nxd4 Nf6 5. Nc3 a6 6. f3 e5 7. Nb3 Be6 8. Bg5 Be7 9. Qd2 Nbd7 10. 0-0-0 0-0 11. f4 b5 12. Bxf6 Nxf6 13. fxe5 dxe5 14. Qxd8 Rfxd8 15. Rxd8+ Rxd8 16. Bd3 Ng4 17. Kd2 Nf2 18. Rf1 Bg5+ 19. Ke2 Nxd3 20. cxd3 Bg4+ 21. Rf3 Bxf3+ 22. gxf3 Rc8 23. Kd1 Rc6 24. Nd5 Rh6 25. Kc2 Rxh2+ 26. Kc3 h5 27. Nc7 h4 28. Nxa6 h3 29. Nc7 b4+ 30. Kxb4 Rxb2 31. a4 h2 32. Kc3 Ra2 0-1

[Event "Wch Blitz (Women)"]
[Site "St Petersburg"]
[Date "2018.12.30"]
[Round "17"]
[White "Solozhenkina, Elizaveta"]
[Black "Shaydullina, Sandugach"]
[Result "1-0"]
[WhiteElo "2258"]
[BlackElo "2033"]
[PlyCount "82"]
[EventDate "2018.12.29"]
[EventType "swiss (blitz)"]
[EventRounds "17"]
[EventCountry "RUS"]
[SourceTitle "CBM 187 Extra"]
[Source "ChessBase"]
[SourceDate "2018.11.04"]
[SourceVersion "1"]
[SourceVersionDate "2018.11.04"]
[SourceQuality "1"]

1. Nf3 f5 2. d3 Nc6 3. e4 e5 4. Nc3 Bb4 5. a3 Bxc3+ 6. bxc3 Nf6 7. exf5 d5 8. d4 e4 9. Ne5 0-0 10. Bb5 Ne7 11. 0-0 Bxf5 12. a4 a6 13. Be2 c5 14. Ba3 c4 15. a5 Nd7 16. Qb1 Nxe5 17. dxe5 Qd7 18. Rd1 Rfd8 19. Bxc4 Be6 20. Be2 Ng6 21. Bd6 Rac8 22. Qb4 Nf4 23. Bf1 Qf7 24. Rab1 Qg6 25. Kh1 Rd7 26. Qd4 Rf7 27. Qe3 h5 28. Rd4 h4 29. h3 Kh7 30. Rdb4 Qh5 31. Re1 g5 32. Be2 g4 33. hxg4 Bxg4 34. Bxg4 Qxg4 35. Rg1 Rg8 36. e6 Rfg7 37. Bxf4 Qxe6 38. Rb6 Rxg2 39. Rxe6 Rxg1+ 40. Kh2 R8g2+ 41. Kh3 Rg8 1-0

[Event "Wch Blitz (Women)"]
[Site "St Petersburg"]
[Date "2018.12.29"]
[Round "4"]
[White "Shaydullina, Sandugach"]
[Black "Bezgodova, Svetlana"]
[Result "1/2-1/2"]
[WhiteElo "2033"]
[BlackElo "2046"]
[PlyCount "174"]
[EventDate "2018.12.29"]
[EventType "swiss (blitz)"]
[EventRounds "17"]
[EventCountry "RUS"]
[SourceTitle "CBM 187 Extra"]
[Source "ChessBase"]
[SourceDate "2018.11.04"]
[SourceVersion "1"]
[SourceVersionDate "2018.11.04"]
[SourceQuality "1"]

1. d4 Nf6 2. Nf3 c6 3. c4 d6 4. Nc3 Nbd7 5. e4 e5 6. Be2 Be7 7. 0-0 0-0 8. Re1 a6 9. a4 a5 10. h3 Re8 11. Be3 exd4 12. Nxd4 Nc5 13. Qc2 Qb6 14. Rad1 Bf8 15. f3 Bd7 16. Bf1 Rad8 17. Bf2 Bc8 18. g4 Nfd7 19. f4 Nb8 20. Nf5 Nba6 21. Bd4 Qb3 22. Qxb3 Nxb3 23. Bb6 Rd7 24. Re3 g6 25. Ng3 Nac5 26. Kh2 Bg7 27. Nge2 Bf8 28. Bg2 f6 29. Kg3 Rf7 30. Kf2 Be6 31. f5 Bxc4 32. Nf4 Kg7 33. Bf1 Bxf1 34. Kxf1 Nd7 35. Bc7 d5 36. Ne6+ Kg8 37. exd5 Nbc5 38. Bf4 cxd5 39. Nxd5 Nxa4 40. Ra3 Nac5 41. Ndc7 Rc8 42. Nb5 b6 43. Nxf8 Kxf8 44. Nd6 Re8 45. Nxf7 Kxf7 46. Rc3 Re7 47. Bd6 Re4 48. Bxc5 Nxc5 49. Rd8 gxf5 50. gxf5 Rf4+ 51. Kg2 Rxf5 52. Rb8 Nd7 53. Rb7 Rd5 54. Rcc7 Ke6 55. Rc6+ Rd6 56. Rc8 h5 57. Re8+ Kd5 58. Re7 Kc6 59. Ra7 Rd2+ 60. Kg3 Nc5 61. Rf7 Kb5 62. Kh4 Rxb2 63. Kxh5 Ne4 64. h4 Rh2 65. Rh7 a4 66. Kg6 Rg2+ 67. Kf5 Nd6+ 68. Kxf6 Kb4 69. Ke6 Nc4 70. h5 Rh2 71. h6 a3 72. Rh8 Na5 73. Rg7 a2 74. Rg1 Nb3 75. h7 Nd2 76. Ra1 Ka3 77. Ra8+ Kb3 78. h8Q Rxh8 79. Rxh8 Kb2 80. Rhh1 b5 81. Rxa2+ Kxa2 82. Rh2 b4 83. Rxd2+ Ka1 84. Kd5 b3 85. Kc4 b2 86. Rd1+ b1Q 87. Rxb1+ Kxb1 1/2-1/2

[Event "Wch Blitz (Women)"]
[Site "St Petersburg"]
[Date "2018.12.29"]
[Round "6"]
[White "Shaydullina, Sandugach"]
[Black "Bogumil, Tatiana"]
[Result "0-1"]
[WhiteElo "2033"]
[BlackElo "2114"]
[PlyCount "106"]
[EventDate "2018.12.29"]
[EventType "swiss (blitz)"]
[EventRounds "17"]
[EventCountry "RUS"]
[SourceTitle "CBM 187 Extra"]
[Source "ChessBase"]
[SourceDate "2018.11.04"]
[SourceVersion "1"]
[SourceVersionDate "2018.11.04"]
[SourceQuality "1"]

1. Nf3 Nf6 2. c4 g6 3. d4 c5 4. d5 b5 5. cxb5 a6 6. b6 d6 7. Nc3 Nbd7 8. a4 Qxb6 9. a5 Qb7 10. e4 Bg7 11. Bc4 0-0 12. h3 Rb8 13. 0-0 h6 14. Re1 Ne8 15. Ra2 Nc7 16. Bf4 Qb4 17. Qd3 g5 18. Bd2 Qb7 19. b3 Nb5 20. Ne2 Ne5 21. Nxe5 Bxe5 22. f4 Bf6 23. Ng3 Nd4 24. e5 dxe5 25. fxe5 Bg7 26. Bc3 e6 27. d6 Nb5 28. Ba1 Bd7 29. Ne4 Qc6 30. Rd2 Bc8 31. Nf6+ Bxf6 32. exf6 Bd7 33. Qe2 Nd4 34. Qh5 Kh7 35. Bd3+ Nf5 36. g4 Qf3 37. Bxf5+ exf5 38. Rf1 Qg3+ 39. Rg2 Qe3+ 40. Kh2 Bc6 41. Rff2 Bxg2 42. Kxg2 Rxb3 43. Bb2 Qg3+ 44. Kf1 Qd3+ 45. Kg2 f4 46. h4 Qg3+ 47. Kf1 Qh3+ 48. Ke1 Qe3+ 49. Kf1 Qh3+ 50. Ke1 Qh1+ 51. Kd2 Qd5+ 52. Kc2 Qd3+ 53. Kc1 Rb4 0-1

[Event "Wch Blitz (Women)"]
[Site "St Petersburg"]
[Date "2018.12.29"]
[Round "7"]
[White "Tokhirjonova, Gulruhbegim"]
[Black "Shaydullina, Sandugach"]
[Result "1-0"]
[WhiteElo "2444"]
[BlackElo "2033"]
[PlyCount "87"]
[EventDate "2018.12.29"]
[EventType "swiss (blitz)"]
[EventRounds "17"]
[EventCountry "RUS"]
[SourceTitle "CBM 187 Extra"]
[Source "ChessBase"]
[SourceDate "2018.11.04"]
[SourceVersion "1"]
[SourceVersionDate "2018.11.04"]
[SourceQuality "1"]

1. e4 c5 2. Nf3 d6 3. d4 cxd4 4. Nxd4 Nf6 5. Nc3 a6 6. h3 g6 7. g4 Bg7 8. Be3 0-0 9. Bg2 Nbd7 10. Qd2 Ne5 11. b3 Bd7 12. 0-0 Rc8 13. f4 Nc6 14. Nce2 b5 15. c3 Qa5 16. a4 Nxd4 17. Bxd4 bxa4 18. bxa4 e5 19. fxe5 dxe5 20. Be3 Bc6 21. Ng3 Rfd8 22. Qf2 Rd7 23. g5 Ne8 24. h4 Rb8 25. h5 Nd6 26. h6 Bh8 27. Rad1 Rbb7 28. Bh3 Rd8 29. Bc5 Nc4 30. Bb6 Rxd1 31. Bxa5 Rxf1+ 32. Bxf1 Nxa5 33. Qc5 Bd7 34. Qxa5 f6 35. Qd8+ Kf7 36. Qxh8 fxg5 37. Bc4+ Ke7 38. Qxe5+ Kd8 39. Qxg5+ Kc8 40. Bxa6 Kb8 41. Bxb7 Kxb7 42. Qe7 Kc6 43. Qxh7 g5 44. Nf5 1-0

[Event "RUS-ch blitz (Women)"]
[Site "Sochi"]
[Date "2018.10.07"]
[Round "16.8"]
[White "Shuvalova, Polina"]
[Black "Shaydullina, Sandugach"]
[Result "1-0"]
[WhiteElo "2421"]
[BlackElo "2033"]
[PlyCount "61"]
[EventDate "2018.10.07"]
[EventType "swiss (blitz)"]
[EventRounds "20"]
[EventCountry "RUS"]
[SourceTitle "CBM 186 Extra"]
[Source "ChessBase"]
[SourceDate "2018.08.24"]
[SourceVersion "1"]
[SourceVersionDate "2018.08.24"]
[SourceQuality "1"]

1. e4 c5 2. Nf3 Nc6 3. Bb5 g6 4. Bxc6 dxc6 5. d3 Bg7 6. h3 e5 7. Nc3 Nh6 8. Be3 b6 9. Qd2 Ng8 10. 0-0 Ne7 11. a4 a5 12. Nh2 h5 13. Rae1 Ba6 14. b3 f6 15. Ne2 g5 16. h4 g4 17. f4 Ng6 18. fxe5 Nxe5 19. Ng3 Bc8 20. Nf5 Bxf5 21. Rxf5 Qe7 22. Nf1 Ng6 23. Qf2 0-0-0 24. Nd2 Ne5 25. Nc4 Nxc4 26. bxc4 Kb7 27. Rb1 Ka6 28. Rxb6+ Ka7 29. Bxc5 Qd7 30. Be3 Rb8 31. Rxa5# 1-0

[Event "RUS-ch rapid (Women)"]
[Site "Sochi"]
[Date "2018.10.05"]
[Round "2.6"]
[White "Shaydullina, Sandugach"]
[Black "Ambartsumova, Karina"]
[Result "0-1"]
[WhiteElo "2033"]
[BlackElo "2379"]
[PlyCount "70"]
[EventDate "2018.10.05"]
[EventType "swiss (rapid)"]
[EventRounds "11"]
[EventCountry "RUS"]
[SourceTitle "CBM 186 Extra"]
[Source "ChessBase"]
[SourceDate "2018.08.24"]
[SourceVersion "1"]
[SourceVersionDate "2018.08.24"]
[SourceQuality "1"]

1. d4 Nf6 2. Nf3 g6 3. c4 Bg7 4. g3 0-0 5. Bg2 d6 6. 0-0 Nc6 7. Nc3 Bf5 8. d5 Na5 9. Nd4 Bd7 10. Qd3 c5 11. Nc2 a6 12. b3 Rb8 13. Rb1 b5 14. cxb5 axb5 15. b4 Nc4 16. f4 Qb6 17. Kh1 cxb4 18. Rxb4 Ng4 19. Nd1 e5 20. h3 Nf6 21. e4 exf4 22. gxf4 Nh5 23. Kh2 f5 24. a4 Qc5 25. Nde3 fxe4 26. Bxe4 Nxf4 27. Rxf4 Rxf4 28. Nxc4 Rf2+ 29. Bg2 Rxc2 30. Qxc2 Qxb4 31. Na3 Be5+ 32. Kg1 Qe1+ 33. Bf1 Rc8 34. Bd2 Bd4+ 35. Kg2 Qf2+ 0-1

[Event "Minsk rapid op3"]
[Site "Minsk"]
[Date "2018.06.29"]
[Round "7"]
[White "Ermolaev, Evgeny"]
[Black "Shaydullina, Sandugach"]
[Result "0-1"]
[WhiteElo "2287"]
[BlackElo "2151"]
[PlyCount "78"]
[EventDate "2018.06.29"]
[EventType "swiss (rapid)"]
[EventRounds "9"]
[EventCountry "BLR"]
[SourceTitle "EXT 2021"]
[Source "ChessBase"]
[SourceDate "2020.10.23"]
[SourceVersion "1"]
[SourceVersionDate "2020.10.23"]
[SourceQuality "1"]

1. e4 c5 2. Nf3 e6 3. d4 cxd4 4. Nxd4 Nf6 5. Nc3 d6 6. g4 h6 7. h4 Nc6 8. Be3 Nxd4 9. Bxd4 e5 10. Be3 Bxg4 11. f3 Be6 12. Qd2 a6 13. 0-0-0 Be7 14. f4 Ng4 15. f5 Nxe3 16. Qxe3 Bd7 17. Kb1 Bc6 18. Qg3 Bf6 19. Bc4 Qc7 20. Bd5 0-0 21. Rhg1 Kh8 22. Qe3 a5 23. Ne2 a4 24. Ng3 Bxd5 25. exd5 Rfc8 26. Rd2 e4 27. Nxe4 Re8 28. Qd3 Rxe4 29. Qxe4 Qb6 30. c3 Qxg1+ 31. Kc2 a3 32. Qb4 axb2 33. Qxb2 Rc8 34. Rd3 Qf2+ 35. Kb3 Qxf5 36. Qe2 b5 37. Kb4 Qf4+ 38. Ka3 Qc4 39. Qd2 Ra8+ 0-1

[Event "Minsk rapid op3"]
[Site "Minsk"]
[Date "2018.06.29"]
[Round "8"]
[White "Olhovik, Andrei"]
[Black "Shaydullina, Sandugach"]
[Result "0-1"]
[WhiteElo "2326"]
[BlackElo "2151"]
[PlyCount "116"]
[EventDate "2018.06.29"]
[EventType "swiss (rapid)"]
[EventRounds "9"]
[EventCountry "BLR"]
[SourceTitle "EXT 2021"]
[Source "ChessBase"]
[SourceDate "2020.10.23"]
[SourceVersion "1"]
[SourceVersionDate "2020.10.23"]
[SourceQuality "1"]

1. d4 d5 2. c4 e6 3. Nc3 c6 4. e3 f5 5. Bd3 Nf6 6. Nge2 Bd6 7. Qc2 0-0 8. f3 Na6 9. a3 dxc4 10. Bxc4 b5 11. Ba2 b4 12. Na4 bxa3 13. bxa3 Qc7 14. Bd2 c5 15. Rc1 cxd4 16. Qxc7 Nxc7 17. Nxd4 Ncd5 18. Nc5 Re8 19. 0-0 Rb8 20. Bb4 a5 21. Bxa5 Rb2 22. Bxd5 Nxd5 23. Bb4 Nxe3 24. Rfe1 Rxg2+ 25. Kh1 Bf4 26. Rxe3 Bxe3 27. Kxg2 Bxc1 28. a4 e5 29. Nc6 Be3 30. a5 Bxc5 31. Bxc5 e4 32. fxe4 fxe4 33. Kf2 Kf7 34. Ke3 Bb7 35. Nd4 Rc8 36. Bb6 Rc3+ 37. Kf4 h6 38. Nf5 Rf3+ 39. Ke5 Ba6 40. Kxe4 Ra3 41. Nd4 g5 42. Kd5 Ra2 43. Bc7 h5 44. Kc5 h4 45. Kb6 Bd3 46. Nc6 Bf1 47. Nb4 Ra1 48. a6 g4 49. a7 Bg2 50. Bb8 g3 51. hxg3 h3 52. g4 Kg6 53. Nc6 Bxc6 54. Kxc6 Rxa7 55. Kd5 Ra4 56. Kc5 Rxg4 57. Kd5 Rg2 58. Ke4 h2 0-1

[Event "Minsk rapid op3"]
[Site "Minsk"]
[Date "2018.06.29"]
[Round "4"]
[White "Shaydullina, Sandugach"]
[Black "Podolchenko, Evgeniy"]
[Result "0-1"]
[WhiteElo "2151"]
[BlackElo "2379"]
[PlyCount "95"]
[EventDate "2018.06.29"]
[EventType "swiss (rapid)"]
[EventRounds "9"]
[EventCountry "BLR"]
[SourceTitle "EXT 2021"]
[Source "ChessBase"]
[SourceDate "2020.10.23"]
[SourceVersion "1"]
[SourceVersionDate "2020.10.23"]
[SourceQuality "1"]

1. Nf3 Nf6 2. c4 c5 3. g3 b6 4. Bg2 Bb7 5. 0-0 e6 6. Nc3 a6 7. e3 Be7 8. b3 0-0 9. Bb2 d6 10. Qe2 Nbd7 11. d4 cxd4 12. exd4 Re8 13. h4 Qc7 14. Rac1 Bf8 15. Rfe1 Rac8 16. a4 Qb8 17. Ng5 Bxg2 18. Kxg2 e5 19. Qd3 Qb7+ 20. f3 exd4 21. Nd5 h6 22. Nxf6+ Nxf6 23. Nh3 d5 24. Bxd4 dxc4 25. bxc4 Nd7 26. Nf4 Nc5 27. Qc2 b5 28. Rxe8 Rxe8 29. cxb5 Ne6 30. Nxe6 Rxe6 31. b6 Qd5 32. Qf2 Qa5 33. Rc8 Qxa4 34. Bc5 Re8 35. b7 Qd7 36. Bxf8 Rxc8 37. bxc8Q Qxc8 38. Bc5 a5 39. Qd4 Qa6 40. h5 Qe2+ 41. Qf2 Qb5 42. g4 a4 43. Qe3 Qb2+ 44. Kh3 Qa2 45. Qe8+ Kh7 46. Qxf7 Qxf7 47. Kg3 Qc7+ 48. f4 0-1

[Event "Minsk Amateur op"]
[Site "Minsk"]
[Date "2018.06.28"]
[Round "5"]
[White "Shaydullina, Sandugach"]
[Black "Siniauski, Artsiom"]
[Result "0-1"]
[WhiteElo "2198"]
[BlackElo "1967"]
[PlyCount "90"]
[EventDate "2018.06.25"]
[EventType "swiss"]
[EventRounds "9"]
[EventCountry "BLR"]
[SourceTitle "CBM 185 Extra"]
[Source "ChessBase"]
[SourceDate "2018.07.29"]
[SourceVersion "1"]
[SourceVersionDate "2018.07.29"]
[SourceQuality "1"]

1. d4 Nf6 2. c4 c6 3. Nf3 d5 4. e3 g6 5. Bd3 Bg7 6. Nbd2 0-0 7. 0-0 b6 8. b3 Bb7 9. Bb2 Nbd7 10. b4 Rc8 11. e4 dxe4 12. Nxe4 c5 13. Nxf6+ Bxf6 14. bxc5 bxc5 15. d5 Bxb2 16. Rb1 Bxd5 17. cxd5 Bf6 18. Ba6 Rc7 19. Qd3 Nb6 20. Bc4 Rd7 21. Rfd1 e6 22. d6 Nxc4 23. Qxc4 Rxd6 24. Rdc1 Rd5 25. Qa6 Qd7 26. h3 Rc8 27. a4 Rc6 28. Qc4 Kg7 29. a5 Qc7 30. g4 Qxa5 31. h4 h6 32. Qf4 Qc7 33. Qe3 Bd4 34. Qd2 Qg3+ 35. Kf1 Qxf3 36. Rb7 Re5 37. Kg1 Re2 38. Qxe2 Qxe2 39. Rf1 Qxg4+ 40. Kh1 Qxh4+ 41. Kg2 Qg4+ 42. Kh1 Rd6 43. Rb3 Rd5 44. Rg3 Rh5+ 45. Kg2 Qe4+ 0-1

[Event "Minsk rapid op2"]
[Site "Minsk"]
[Date "2018.06.27"]
[Round "2"]
[White "Ianov, Viktor"]
[Black "Shaydullina, Sandugach"]
[Result "1-0"]
[WhiteElo "2328"]
[BlackElo "2151"]
[PlyCount "91"]
[EventDate "2018.06.27"]
[EventType "swiss (rapid)"]
[EventRounds "9"]
[EventCountry "BLR"]
[SourceTitle "EXT 2021"]
[Source "ChessBase"]
[SourceDate "2020.10.23"]
[SourceVersion "1"]
[SourceVersionDate "2020.10.23"]
[SourceQuality "1"]

1. Nf3 Nf6 2. g3 b5 3. Bg2 Bb7 4. Na3 a6 5. c4 b4 6. Nc2 e6 7. b3 c5 8. a3 a5 9. axb4 axb4 10. Rxa8 Bxa8 11. Bb2 d5 12. Ne5 Nbd7 13. Qa1 Nb6 14. Qa7 Be7 15. 0-0 0-0 16. d4 Ne4 17. dxc5 Bxc5 18. Nd3 Be7 19. Bd4 Nd7 20. cxd5 exd5 21. Ncxb4 Ndf6 22. Rd1 Qb8 23. Qxe7 Re8 24. Qa7 Qxa7 25. Bxa7 Nc3 26. Ra1 Nxe2+ 27. Kf1 Nd4 28. Bxd4 Ne4 29. Bxe4 dxe4 30. Nc5 f5 31. Nc2 Bd5 32. Ra7 Bf7 33. Ne3 g6 34. Nd7 Rd8 35. b4 Rc8 36. b5 Rc1+ 37. Kg2 Be6 38. Nf6+ Kf8 39. Nxh7+ Ke8 40. Nf6+ Kf8 41. b6 Rb1 42. Nh7+ Ke8 43. Ng5 Bc8 44. Nd5 Rb5 45. Nf6+ Kf8 46. Rf7# 1-0

[Event "Minsk rapid op2"]
[Site "Minsk"]
[Date "2018.06.27"]
[Round "7"]
[White "Shaydullina, Sandugach"]
[Black "Gharagyozyan, Artur"]
[Result "0-1"]
[WhiteElo "2151"]
[BlackElo "2212"]
[PlyCount "90"]
[EventDate "2018.06.27"]
[EventType "swiss (rapid)"]
[EventRounds "9"]
[EventCountry "BLR"]
[SourceTitle "EXT 2021"]
[Source "ChessBase"]
[SourceDate "2020.10.23"]
[SourceVersion "1"]
[SourceVersionDate "2020.10.23"]
[SourceQuality "1"]

1. d4 Nf6 2. c4 e6 3. Nc3 d5 4. cxd5 exd5 5. Bg5 Nbd7 6. e3 Be7 7. Bd3 0-0 8. Qc2 c6 9. Nge2 Re8 10. 0-0 Nf8 11. f3 Be6 12. Rae1 Rc8 13. Bh4 a6 14. h3 b5 15. e4 c5 16. e5 cxd4 17. exf6 Bxf6 18. Bxf6 Qxf6 19. Qd2 dxc3 20. bxc3 Bf5 21. g4 Bxd3 22. Qxd3 Qb6+ 23. Kg2 Re3 24. Qd2 Ng6 25. Nd4 Rexc3 26. f4 R3c4 27. Nf5 h6 28. Re2 d4 29. h4 Qc6+ 30. Kh2 Rc2 31. Qd3 Rxe2+ 32. Qxe2 Qc2 33. Nxd4 Qxe2+ 34. Nxe2 Rc2 35. Rf2 Nxf4 36. Rxf4 Rxe2+ 37. Kg3 Rxa2 38. Rd4 g6 39. Kf4 Kg7 40. g5 Ra4 41. Ke3 Rxd4 42. Kxd4 hxg5 43. hxg5 f6 44. gxf6+ Kxf6 45. Kc5 g5 0-1

[Event "Minsk Amateur op"]
[Site "Minsk"]
[Date "2018.06.26"]
[Round "3"]
[White "Shaydullina, Sandugach"]
[Black "Punin, Andrii"]
[Result "1/2-1/2"]
[WhiteElo "2198"]
[BlackElo "2296"]
[PlyCount "73"]
[EventDate "2018.06.25"]
[EventType "swiss"]
[EventRounds "9"]
[EventCountry "BLR"]
[SourceTitle "CBM 185 Extra"]
[Source "ChessBase"]
[SourceDate "2018.07.29"]
[SourceVersion "1"]
[SourceVersionDate "2018.07.29"]
[SourceQuality "1"]

1. d4 Nf6 2. c4 e6 3. Nf3 d5 4. g3 Be7 5. Bg2 0-0 6. 0-0 dxc4 7. Ne5 Nc6 8. Bxc6 bxc6 9. Nxc6 Qe8 10. Nxe7+ Qxe7 11. Qc2 e5 12. Rd1 Bb7 13. dxe5 Qxe5 14. Bf4 Qe6 15. Nc3 Ne4 16. Nxe4 Bxe4 17. Qc3 Bb7 18. Rd2 Rad8 19. Rad1 Rxd2 20. Rxd2 Qe4 21. f3 Qb1+ 22. Kf2 Qxa2 23. Rd7 Qa6 24. Rxc7 Bd5 25. Qe3 Qb6 26. Rxa7 Qxb2 27. Be5 Qb5 28. Re7 f6 29. Bd4 Rf7 30. Re8+ Rf8 31. Rxf8+ Kxf8 32. Bc5+ Kg8 33. Qd4 Qd7 34. h4 Be6 35. Qb2 h5 36. Qb8+ Qc8 37. Qb4 1/2-1/2

[Event "Minsk rapid op1"]
[Site "Minsk"]
[Date "2018.06.25"]
[Round "2"]
[White "Olhovik, Andrei"]
[Black "Shaydullina, Sandugach"]
[Result "1-0"]
[WhiteElo "2326"]
[BlackElo "2151"]
[PlyCount "119"]
[EventDate "2018.06.25"]
[EventType "swiss (rapid)"]
[EventRounds "9"]
[EventCountry "BLR"]
[SourceTitle "EXT 2021"]
[Source "ChessBase"]
[SourceDate "2020.10.23"]
[SourceVersion "1"]
[SourceVersionDate "2020.10.23"]
[SourceQuality "1"]

1. d4 f5 2. e4 fxe4 3. Nc3 Nf6 4. Bg5 c6 5. f3 e3 6. Bxe3 d5 7. Bd3 g6 8. Nge2 Bg7 9. Qd2 0-0 10. Bh6 Nbd7 11. h4 e5 12. Bxg7 Kxg7 13. h5 Nxh5 14. g4 Nf4 15. dxe5 Nxe5 16. 0-0-0 Qg5 17. Kb1 Nxf3 18. Qe3 Bxg4 19. Nxf4 Qxf4 20. Qc5 Rf7 21. Be2 h5 22. Bd3 a6 23. Ka1 Re8 24. Rdf1 Qe3 25. Qd6 Re6 26. Qd8 Ng5 27. Rxf7+ Nxf7 28. Qb8 b5 29. a3 Qf3 30. Rf1 Qe3 31. Qc7 Re7 32. Qxc6 Qe6 33. Qc5 Rd7 34. Qd4+ Kg8 35. Rf6 Qe1+ 36. Ka2 Ne5 37. Bxg6 Kg7 38. Rxa6 Kg8 39. Ra8+ Kg7 40. Be4 Re7 41. Nxd5 Re6 42. Ra7+ Kh6 43. Nf4 Qf1 44. Nxe6 Qc4+ 45. Qxc4 Nxc4 46. Nd4 b4 47. axb4 Nd6 48. Bd3 h4 49. Ra6 Kg5 50. Rxd6 h3 51. Be4 h2 52. Rg6+ Kf4 53. Rxg4+ Kxg4 54. b5 Kf4 55. Bh1 Ke5 56. b6 Kxd4 57. b7 Ke3 58. b8Q Kf2 59. Qxh2+ Kf1 60. Bf3 1-0